00963cam a2200265 a 4500003000500000005001700005008004100022010001000063011001000073020001500083035001000098040000900108082001500117100004100132245016400173260010100337300001100438410003500449490004800484650002100532650004100553650002000594810003500614830004800649CHAP20220329142208.0000207d1992 mx r 00010 spa d a79786 a80758 a9683624030 a91212 cCHAP04a595.78bB400aBeutelspacher Baigts, Carlos Rommel.10aCatálogo de la colección Roberto Müller (Lepidoptera:Heterocera) del Museo de Historia Natural de la ciudad de Méxicoc/por Carlos R. Beutelspaacher B. aMéxico, D. F. :bUniversdidad Nacional Autónoma de México. Instituto de Biología,c1992. a465 p. aUNAM.bInstituto de Biología 0aCuadernos del Instituto de Biologíav; 1514aHeterocéridos.14aInsectosxCatálogos y colecciones.14aLepidópteros. aUNAM.bInstituto de Biología0 aCuadernos del Instituto de Biologíav; 15